Z rozhodnutí Súdneho dvora Európskej únie

Nariadenie Rady (ES) č. 207/2009 z 26. februára 2009 o ochrannej známke Európskej únie. Právna úprava ochrannej známky v SR.

Gespeichert in:
Bibliographische Detailangaben
1. Verfasser: Midriaková, Lenka
Format: Buchkapitel
Sprache:Slowakisch
Schlagworte:
Tags: Tag hinzufügen
Keine Tags, Fügen Sie das erste Tag hinzu!

MARC

LEADER 00000naa a2200000 4500
001 0236029
005 20220803162759.4
041 0 |a slo 
044 |a SK 
245 1 0 |a Z rozhodnutí Súdneho dvora Európskej únie  |c Lenka Midriaková 
520 |a Nariadenie Rady (ES) č. 207/2009 z 26. februára 2009 o ochrannej známke Európskej únie. Právna úprava ochrannej známky v SR. 
610 2 0 |a Súdny dvor Európskej únie 
610 2 0 |a známky ochranné 
610 2 0 |a legislatíva 
610 2 0 |a Európska únia 
610 2 0 |a Slovensko 
100 1 |a Midriaková, Lenka